000
00323nam a22001457a 4500
008
221028b ||||| |||| 00| 0 eng d
020
_a
9780023648014
041
_a
eng
080
_2
FOURTH EDITION
_a
616
082
_a
616
100
_a
12
101
_a
GENE
245
_a
CONCEPTS OF GENETICS
_c
KLUG W
942
_2
udc
_c
BK
999
_c
58682
_d
58682